000 00303nam a2200133Ia 4500
008 191201s1969 xx 000 0 und d
082 _a621.38
_bCLP
100 _aCLIFFORD, Martin
245 0 _aPractical Radio
260 _bD.B Taraporevala
_c1969
300 _a64
650 _aApplied
942 _2ddc
_cBK
999 _c692
_d692